| 000 -ლიდერი |
| ფიქსირებული სიგრძის საკონტროლო ველი |
01084nam a2200265Ia 4500 |
| 001 - საკონტროლო ნომერი |
| საკონტროლო ველი |
1601 |
| 003 - საკონტროლო ნომრის იდენტიფიკატორი |
| საკონტროლო ველი |
GE_BSU |
| 005 - ბოლო ოპერაციის თარიღი და დრო |
| საკონტროლო ველი |
20200120102953.0 |
| 008 - ფიქსირებული სიგრძის მონაცემთა ელემენტები - ზოგადი ინფორმაცია |
| ფიქსირებული სიგრძის საკონტროლო ველი |
181216s2005||||ge |||||||||||||| ||geo|| |
| 020 ## - წიგნის საერთაშორისო სტანდარტული ნომერი |
| International Standard Book Number |
9994040898 |
| 041 ## - ენის კოდი |
| Language code of text/sound track or separate title |
geo |
| 080 ## - უნივერსალური ათობითი კლასიფიკაციის ინდექსი |
| Universal Decimal Classification number |
331.5(075.8)+349.2(075.8)შ-87 |
| 245 ## - ცნობა სათაურის შესახებ |
| Title |
შრომის დაცვა / |
| Statement of responsibility, etc |
მ. ავალიანი ; რ. ბაბუნაიშვილი ; ვ. ხითარიშვილი ; ნ. მაჭავარიანი . |
| 260 ## - გამოქვეყნების, გავრცელების, და სხვა. ცნობები |
| Name of publisher, distributor, etc |
ტექნ. უნ–ტი |
| 264 ## - წარმოების, გამოცემის, დისტრიბუციის და სხვა ცნობები |
| გამოცემის, წარმოების, დისტრიბუციის... ადგილი |
თბილისი : |
| გამოცემის, წარმოების, დისტრიბუციის... სახელწოდება |
ტექნ. უნ–ტი, |
| გამოცემის, წარმოების, დისტრიბუციის... თარიღი |
2005. |
| 300 ## - ფიზიკური აღწერა |
| Extent |
152 გვ .: |
| Dimensions |
19 სმ. |
| 504 ## - BIBLIOGRAPHY, ETC. NOTE |
| Bibliography, etc |
ბიბლიოგრ.: გვ. 149. |
| 653 ## - INDEX TERM--UNCONTROLLED |
| Uncontrolled term |
შრომის დაცვა |
| 653 ## - INDEX TERM--UNCONTROLLED |
| Uncontrolled term |
შრომის სამართალი. |
| 700 ## - ADDED ENTRY--PERSONAL NAME |
| Personal name |
ავალიანი, მ |
| 9 (RLIN) |
6227 |
| 700 ## - ADDED ENTRY--PERSONAL NAME |
| Personal name |
ბაბუნაშვილი, რ |
| 9 (RLIN) |
6228 |
| 700 ## - ADDED ENTRY--PERSONAL NAME |
| Personal name |
ხითარიშვილი, ვ |
| 9 (RLIN) |
6229 |
| 700 ## - ADDED ENTRY--PERSONAL NAME |
| Personal name |
მაჭავარიანი, ნ |
| 9 (RLIN) |
545 |
| 942 ## - ADDED ENTRY ELEMENTS (KOHA) |
| Koha item type |
წიგნი |
| Source of classification or shelving scheme |
|